Cy Young Award - Relief Pitchers - Statistics

General Stats
  • This quiz has been taken 29 times
  • The average score is 5 of 9
Answer Stats
Year League Team Answer % Correct
1992 American Oakland Athletics Dennis Eckersley
92%
1981 American Milwaukee Brewers Rollie Fingers
88%
2003 National Los Angeles Dodgers Eric Gagne
83%
1984 American Detroit Tigers Willie Hernandez
71%
1979 National Chicago Cubs Bruce Sutter
63%
1977 American New York Yankees Sparky Lyle
42%
1987 National Philadelphia Phillies Steve Bedrosian
42%
1974 National Los Angeles Dodgers Mike Marshall
38%
1989 National San Diego Padres Mark Davis
29%
No matching quizzes found
Score Distribution
Percent of People with Each Score
Percentile by Number Answered
Your Score History
You have not taken this quiz